I Am Here (Record no. 9687)

MARC details
000 -CABECERA
campo de control de longitud fija 01234nam a2200277 a 4500
001 - NÚMERO DE CONTROL
campo de control BRL_875
005 - FECHA Y HORA DE LA ÚLTIMA TRANSACCIÓN
campo de control 20190320210932.0
008 - DATOS DE LONGITUD FIJA--INFORMACIÓN GENERAL
campo de control de longitud fija 211013s1989----u--a######---#000-0#eng-#
020 ## - NÚMERO INTERNACIONAL ESTÁNDAR DEL LIBRO
Número Internacional Estándar del Libro 0890131732
050 #4 - SIGNATURA TOPOGRÁFICA DE LA BIBLIOTECA DEL CONGRESO
Número de clasificación E78.S7
Número de documento/Ítem .L33 1989
110 2# - ENTRADA PRINCIPAL--NOMBRE DE ENTIDAD CORPORATIVA
Nombre de entidad corporativa o nombre de jurisdicción como elemento de entrada Laboratory of Anthropology (Museo de Nuevo México)
9 (RLIN) 25207
245 10 - MENCIÓN DE TÍTULO
Título I Am Here
Resto del título two thousand years of Southwest Indian arts and culture
Mención de responsabilidad, etc. Andrew Hunter Whiteford ...[et al.]
260 ## - PUBLICACIÓN, DISTRIBUCIÓN, ETC.
Lugar de publicación, distribución, etc. Santa Fe, New Mexico
Nombre del editor, distribuidor, etc. Museum of New Mexico Press
Fecha de publicación, distribución, etc. 1989
300 ## - DESCRIPCIÓN FÍSICA
Extensión xii, 209 p.
Otras características físicas il. (algunas a color)
Dimensiones 29 cm.
440 #0 - MENCIÓN DE SERIE/PUNTO DE ACCESO ADICIONAL--TÍTULO
Título Museum of New Mexico Press series in Southwestern culture
9 (RLIN) 25208
500 ## - NOTA GENERAL
Nota general Au983
504 ## - NOTA DE BIBLIOGRAFÍA, ETC.
Nota de bibliografía, etc. Bibliografía: p. 202-205
610 24 - PUNTO DE ACCESO ADICIONAL DE MATERIA--NOMBRE DE ENTIDAD CORPORATIVA
Nombre de entidad corporativa o nombre de jurisdicción como elemento de entrada Laboratory of Anthropology (Museo de Nuevo México)
Subdivisión general Catálogos
9 (RLIN) 25209
650 14 - PUNTO DE ACCESO ADICIONAL DE MATERIA--TÉRMINO DE MATERIA
Término de materia o nombre geográfico como elemento de entrada Arte indígena
Subdivisión de forma Catálogos
Subdivisión geográfica Suroeste de Nuevo México
9 (RLIN) 25210
650 14 - PUNTO DE ACCESO ADICIONAL DE MATERIA--TÉRMINO DE MATERIA
Término de materia o nombre geográfico como elemento de entrada Indígenas de América del Norte
Subdivisión de forma Catálogos
Subdivisión general Antigüedades
Subdivisión geográfica Suroeste de Nuevo México
9 (RLIN) 25211
650 14 - PUNTO DE ACCESO ADICIONAL DE MATERIA--TÉRMINO DE MATERIA
Término de materia o nombre geográfico como elemento de entrada Indígenas de América del Norte
Subdivisión de forma Catálogos
Subdivisión general Artesanias
Subdivisión geográfica Suroeste de Nuevo México
9 (RLIN) 25212
651 #4 - PUNTO DE ACCESO ADICIONAL DE MATERIA--NOMBRE GEOGRÁFICO
Nombre geográfico Suroeste de Nuevo México
Subdivisión de forma Catálogos
Subdivisión general Antigüedades
9 (RLIN) 25213
700 1# - PUNTO DE ACCESO ADICIONAL--NOMBRE DE PERSONA
Nombre de persona Hunter Whiteford, Andrew
9 (RLIN) 25214
902 ## - CATALOGADOR
Iniciales GRL
942 ## - ELEMENTOS DE PUNTO DE ACCESO ADICIONAL (KOHA)
Fuente del sistema de clasificación o colocación Library of Congress Classification
Tipo de ítem Koha Libros
Holdings
Estado de retiro Estado de pérdida Estado dañado No para préstamo Localización permanente Ubicación/localización actual Fecha de adquisición Número de inventario Total de préstamos Signatura topográfica completa Código de barras Fecha visto por última vez Precio válido a partir de Tipo de ítem Koha
El ejemplar forma parte de la colección y puede ser consultado según las políticas vigentes.       Biblioteca Centro de Estudios Ruth D. Lechuga Biblioteca Centro de Estudios Ruth D. Lechuga 21/10/2013 Au983   E78.S7 .L33 1989 (Au983) GRL00944 22/03/2019 22/03/2019 Libros